zpět

Detail výsledku týmu

Dvůr - Břeclav, Břeclav

Datum a čas kvízu

36.5 Celkem bodů Celkový počet nahraných bodů na tomto kvízu bez doplňovacích otázek.
2. Pořadí na kvízu Konečné umístění týmu na tomto kvízu.

Zaznamenané odpovědi

# Otázka Odpověď Body Výsledky
1. Čtvrt roku byli na cestě a ura... D) Velorex 1
2. První dámu Francie Brigitte Ma... že je žena 1
3. V noci z neděle na pondělí min... Adolescent (Adolescence) 1
4. Společnost China Eastern Airli... Buenos Aires 1
5. Českému hokejistovi Jakubu Lau... Michigan 0
6. Ve spolupráci s Radou Evropy j... 1B 2D 3A 4C 1
7. Pokud vám prozradíme, že červe... július 1
8. Jak se na V jmenuje autonomní... Vojvodina 0
9. Která z těchto knih nebyla nap... B 0
10. Pozoruhodným jazykem je velšti... slunéčko (beruška) 0